01231nas a2200241Ia 4500001001100000003001000011008004100021040002500062041001300087100001700100210002600117222002600143245010900169250001100278260005000289300001100339310001200350362003500362500022200397501011400619520022200733650003400955R251-R4017IT-CnALBA170116c99999999xx |||||||||||| ||und|| aIT-CnALBAcIT-CnALBA aITALIANO aSTEFANI GINO aSERVIZIO DELLA PAROLA aSERVIZIO DELLA PAROLA 0aSERVIZIO DELLA PAROLA. N. LVI. MARZO 1974. SUSSIDIO PER LA PREDICAZIONE. b SUSSIDIO PER LA PREDICAZIONE a1a ed. a BRESCIAbQUERINIANA EDIT. LIBR. VESC. c1974 a92 p.  aMENSILE aFascicolo: 56 / Anno: 7 (1974) aMORERO V. DE SANDRE I. DIAZ S. FRANZONI G. COSTO E. DE PAOLI L. ANALISI DELL'OMELIA, PREDICAZIONE COMUNICAZIONE STRUTTURE. QUARESIMA, DOMENICHE. FESTA DI S. GIUSEPPE. GUIDA ALLA MESSA E OMELIA. PROPOSTE PER LA MESSA.  aSocietà San Paolo EM - Piazza San Paolo, 14 - 12051 ALBA (CN) (non commercial uses only) ® Copyright 2017 aMORERO V. DE SANDRE I. DIAZ S. FRANZONI G. COSTO E. DE PAOLI L. ANALISI DELL'OMELIA, PREDICAZIONE COMUNICAZIONE STRUTTURE. QUARESIMA, DOMENICHE. FESTA DI S. GIUSEPPE. GUIDA ALLA MESSA E OMELIA. PROPOSTE PER LA MESSA.  aPREDICAZIONE - ORATORIA SACRA